01207nas a2200265Ia 4500001001100000003000900011008004100020040001300061040001300074041001300087100005600100210002600156222002600182245010900208250001100317260003200328501008600360300001800446362002600464500016100490650004300651942000700694999001900701952022100720R119/G5263IT-RoPAU151124c99999999xx |||||||||||| ||und|| aIT-RoPAU cIT-RoPAU aITALIANO aPuggelli Francesca RomanagCodice Aut. SPICS: 53982 aIKON-QUADERNI DI IKON aIkon-Quaderni Di Ikon aIKON, ANNO 22-N.38 (1999)bOrco In Prima Pagina (L'): Evoluzione Della Rappresentazione Sociale Del Male a1a ed. aMILANObANGELI FRANCOc1999 bPaulus - SPICS - Società San Paolo EM (non-commercial uses only)cCopyright2015 a17 p. [27-43] aANNO 022, N.38 (1999) aIl Male e Sua Rappresentazione Sociale. tra Mitologia e Letteratura: il Male nella Cultura Europea. Vampiri, Mutanti, Serial Killer: il Male Nei Mass-Media. aCOMUNICAZIONEvPUBBLICAZIONE PERIODICA cCR c146503d146503 0010406R_119_000000000000000_G526371aSPICSbSPICSd2015-11-25l0oR119/G5263r2015-11-25 00:00:00w2015-11-25yCRzProgr. Ins: 49496 / Copia rara: NO / date import: 25.11.2015 / By Epidotti, Trombetti, Vaglietti